Hood Bolzplätze - Statistiken

Allgemein
  • Dieses Quiz wurde 29 mal gespielt
  • Das Durchschnittsergebnis liegt bei 4 aus 10
Answers on the Grid
Answers color-coded by a green-red scale on the quiz's grid according to % correct below.
Peti
Blanki
Schattenhausi
Forcki
Blauer bei Rewe
Blauer hinter Schule
Roter bei JGH
Hausi
Blauer hinter JGH
Arnsi
Trave
Rote bei Weberwiese
Samariter
JFC
SC Friedrichshain
Platz im Wald
Platz bei Schöneberg
 
Antwortstatistiken
Antwort % Korrekt
Hausi
69%
Peti
69%
Schattenhausi
69%
Blanki
63%
Trave
38%
Arnsi
31%
Forcki
31%
JFC
31%
Samariter
13%
Rote bei Weberwiese
6%
Keine übereinstimmenden Quizze gefunden
Verteilung der Resultate
Anzahl Personen mit jedem Resultat
Perzentil nach korrekt beantworteten Fragen
Ihre Resultats-Entwicklung
Sie haben dieses Quiz noch nicht gespielt